000 01917cam a2200565 i 4500
999 _c1482
_d1482
001 2990293
003 OSt
005 20210628091312.0
008 770318s1976 enkak b 001 0 eng
010 _a 77364729
015 _aGB7708423
_2bnb
016 7 _a7703638
_2DNLM
016 7 _a009078860
_2Uk
020 _a0632004363
020 _a9780632004362
020 _z0632004633
020 _a0632000899
020 _a9780632000890
020 _a9780632004638
020 _a0632004630
035 _a(OCoLC)02812490
_z(OCoLC)02952225
_z(OCoLC)16385462
_z(OCoLC)38082089
_z(OCoLC)504967311
_z(OCoLC)977457582
035 _aucoclc2812490
040 _aDLC
_beng
_cDLC
_dWSM
_dUKM
_dAUT
_dOCLCQ
_dMUQ
_dNLM
_dOCLCQ
_dMCL
_dGBVCP
_dOCLCO
_dOCLCF
_dOCLCQ
050 1 4 _aRD137
_b.P75 1980
060 0 0 _aWO 925
_bR888c 1976
082 0 0 _a617/.98
_219
084 _aH 06
_2blsrissc
245 0 0 _aClinical paediatric surgery :
_bdiagnosis and management /
_cby the staff of the Royal Children's Hospital, Melbourne ; compiled and edited by Peter G. Jones.
250 _a2nd ed.
260 _aOxford :
_bBlackwell Scientific,
_c1976.
300 _axiv, 586 pages :
_billustrations (some color), forms ;
_c24 cm
336 _atext
_btxt
_2rdacontent
337 _aunmediated
_bn
_2rdamedia
338 _avolume
_bnc
_2rdacarrier
500 _aDistributed in the U.S. by J.B. Lippincott, Philadelphia.
504 _aIncludes bibliographical references and index.
650 0 _aChildren
_xSurgery.
650 2 _aSurgical Procedures, Operative.
650 2 2 _aChild.
650 2 2 _aInfant.
650 6 _aEnfants
_xChirurgie.
650 7 _aChildren
_xSurgery.
_2fast
_0(OCoLC)fst00855161
653 _aChildren
_aSurgery.
700 1 _aJones, Peter G.
710 2 _aRoyal Children's Hospital.
910 _aUclaCollMgr MonosBKS19731976 20210505
910 _abg 091477
910 _aMARS
942 _2lcc
_cBK
_nDO